00831nam a2200217 a 4500008004100000020002300041100002600064245015500090260003600245300002900281504005300310650004900363650003500412650005200447650004200499700002100541700002400562003000100586005001700587040000900604  a0393316378 (pbk. )1 aBrown, Lester Russell10aVital Signs 1997 :bthe environmental trends that are shaping our future /cLester R. Brown, Michael Renner, Christopher Lavin ; editor, Linda Starke. aNew York :bW.W. Norton,c1997. a165 p. :bill. ;c24 cm. aIncludes bibliographical references: p. 133-161. 0aEconomic developmentxEnvironmental aspects. 0aEnvironmental impact analyses. 0aHuman beingsxInfluence on naturexForecasting. 0aConsumption (Economics)xForecasting.1 aRenner, Michael.1 aLavin, Christopher.20230123133859.0 cNUST